000 00791nam a2200181 a 4500
001 000048871
005 20201002061455.0
008 190424s2017 dr ab r 000 0 spa d
020 _a9789945494365
040 _aDO-SdBNP
_bspa
_cBNPHU
082 _axxxx
_bxxxx
100 1 _aRosario, Jerson Del
_970943
245 1 0 _aEmbarazo y adolescencia en República Dominicana :
_bun estudio a través de la ecología social /
_cJerson Del Rosario ; prólogo Margarita Cedeño ; colaboradores Luz del Alba Infante.
260 _aSanto Domingo :
_bVicepresidencia de la República
_bObservatorio de políticas sociales y desarrollo,
_c2017.
300 _a98 p. :
_bil., map. ;
_c28 cm.
500 _aIncluye referencias bibliográficas y notas al pie de las páginas
504 _a]Bibliografía : p. 87-98
999 _c48359
_d48359